| 000 | 00707nam a2200229 a 4500 | ||
|---|---|---|---|
| 999 |
_c1006 _d1006 |
||
| 001 | 1006 | ||
| 003 | BD-JhCC | ||
| 005 | 20171012173118.0 | ||
| 008 | 171012s2000 bg a|||| ||a| 000 0 ben d | ||
| 020 | _a9841601136 | ||
| 035 | _a(BD-JhCC)1006 | ||
| 040 |
_aBD-JhCC _dBD-JhCC |
||
| 041 | _aben | ||
| 082 |
_223 _a891.4435 _bHAQ 2000 |
||
| 100 | _aহক, সৈয়দ শামসুল | ||
| 245 |
_aগল্প কোলকাতার / _cসৈয়দ শামসুল হক |
||
| 260 |
_aঢাকা : _bঅন্য প্রকাশপ্রকাশনী, _c২০০০. |
||
| 300 |
_a62 p. : _bill. ; _c21 cm. |
||
| 650 | _aBengali Short stories | ||
| 942 |
_2ddc _cBK |
||